| 000 | 00574nam a22002177a 4500 | ||
|---|---|---|---|
| 003 | UA-OsUOA | ||
| 001 | 111431 | ||
| 007 | ta | ||
| 008 | 20150525b un ||||| |||| 00| 0 ukr d | ||
| 100 | _aБадрак В. | ||
| 090 |
_a32 _bБ15 |
||
| 942 | _cSA | ||
| 040 |
_aUA-OsUOA _bukr _cUA-OsUOA _dUA-OsUOA |
||
| 245 | _aМіж теорією і практикою, або Про нову Стратегію національної безпеки | ||
| 300 | _aС.5 | ||
| 955 | _a0 | ||
| 041 | _aukr | ||
| 080 | _a32 | ||
| 773 | 0 | _w111430 | |
| 650 | 7 |
_a32 Політика _2UDC |
|
| 999 |
_c397757 _d397757 |
||